| 000 | 01120cam a22003375a 4500 | ||
|---|---|---|---|
| 001 | 4794307 | ||
| 003 | EG-ScBUE | ||
| 005 | 20220417111213.0 | ||
| 008 | 870922r20001986enka f b 000 0 eng d | ||
| 020 | _a0194370828 (pbk.) | ||
| 020 | _a9780194370820 | ||
| 040 |
_aMH _beng _erda _cMH _dDLC _dEG-ScBUE |
||
| 082 | 0 | 4 |
_a407 _222 _bLIT |
| 245 | 0 | 0 |
_aLiterature and language teaching / _cedited by Christopher Brumfit and Ronald Carter. |
| 250 | _aSeventh impression. | ||
| 264 | 1 |
_aOxford : _bOxford University Press, _c2000. |
|
| 300 |
_axi, 289 pages : _billustrations ; _c22 cm. |
||
| 336 |
_2rdacontent _atext _btxt |
||
| 337 |
_2rdamedia _aunmediated _bn |
||
| 338 |
_2rdacarrier _avolume _bnc |
||
| 490 | 0 | _aOxford applied linguistics | |
| 504 | _aIncludes bibliographical references. | ||
| 650 | 7 |
_aPhilology _xStudy and teaching. _2BUEsh |
|
| 650 | 7 |
_aEnglish philology _xStudy and teaching. _2BUEsh _939771 |
|
| 651 | _2BUEsh | ||
| 653 |
_cApril2016 _bHHUUEENN |
||
| 655 |
_vReading book _934232 |
||
| 700 | 1 |
_aBrumfit, Christopher, _eeditor. |
|
| 700 | 1 |
_aCarter, Ronald, _d1947- _eeditor. |
|
| 942 |
_2ddc _cBB |
||
| 999 |
_c21581 _d21553 |
||